Quiz o Gibbsie - Statystyki

Ogólne statystyki
  • Ten quiz został rozwiązany 78 razy
  • Średni wynik to 7 z 8
Statystyki odpowiedzi
Hint Odpowiedź % Poprawnych
Jak ma na imię Gibbs? Mateusz
98%
Ile lat ma Gibbs 29
92%
Na jakim kontynencie został nagrany teledysk dopiosenki "Stan"? Azja (dokładniej Tajlandia)
90%
Do jakiej wytwórni muzycznej należy Gibbs? DopeHouse
87%
Jak ma na nazwisko Gibbs? Przybylski
87%
Jaka jest najpopularniejsza piosenkaGibbsa? (pod względem odtworzeń na Spotify) "Piękny Świat"
84%
Jaka jest najpopularniejsza piosenka Gibbsa? (pod względem wyświetleń na YouTube) "Drive"
73%
Skąd pochodzi Gibbs (podaj miasto) Kłobuck
65%
Nie znaleziono quizów pasujących do podanych kryteriów
Rozkład punktacji
Procent ludzi z każdym wynikiem
Percentyl według liczby udzielonych odpowiedzi
Twoja historia wyników
Nie rozwiązałeś tego quizu